[Event "IECG TE.2005.S.01806"]
[Site "IECG email"]
[Date "2006.05.05"]
[Round "?"]
[White "Westbrook, Jonathan"]
[Black "Sperlin, Maksim"]
[Result "0-1"]
[WhiteElo "631"]
[BlackElo "2170"]
[PlyCount "58"]
[EventDate "2006.05.05"]
[EventType "tourn (corr)"]
[EventRounds "2"]
[SourceTitle "Corr 2008"]
[Source "ChessBase"]
[SourceDate "2008.06.24"]
[SourceVersion "1"]
[SourceVersionDate "2008.06.24"]
[SourceQuality "1"]

1. d4 Nf6 2. c4 c5 3. d5 b5 4. Nf3 Bb7 5. Bg5 Ne4 6. Bf4 bxc4 7. Nc3 Nxc3 8. bxc3 g6 9. Bxb8 Rxb8 10. e4 Qa5 11. Qd2 Bg7 12. Rc1 Ba6 13. Be2 h5 14. 0-0 Bh6 15. Ng5 f6 16. f4 fxg5 17. fxg5 Bf8 18. e5 Bg7 19. Qc2 Bxe5 20. Qxg6+ Kd8 21. Qe4 Bxc3 22. Kh1 Rb6 23. g6 Bb2 24. Bxc4 Re8 25. Rc2 Bd4 26. Rfc1 Rb2 27. Rxb2 Bxb2 28. Rf1 Qb4 29. Rf4 Qxc4 0-1

[Event "IECG CM.2004.0.00248 email"]
[Site "IECG email"]
[Date "2004.05.16"]
[Round "?"]
[White "Pontikis, Asterios"]
[Black "Sperlin, Maksim"]
[Result "1-0"]
[WhiteElo "2252"]
[BlackElo "2233"]
[PlyCount "55"]
[EventDate "2004.05.16"]
[EventType "tourn (corr)"]
[EventRounds "6"]
[SourceTitle "Corr 2008"]
[Source "ChessBase"]
[SourceDate "2008.06.24"]
[SourceVersion "1"]
[SourceVersionDate "2008.06.24"]
[SourceQuality "1"]

1. e4 c5 2. Nf3 Nc6 3. d4 cxd4 4. Nxd4 e5 5. Nb5 Nf6 6. N1c3 d6 7. Bg5 a6 8. Na3 b5 9. Bxf6 gxf6 10. Nd5 f5 11. Bd3 Be6 12. 0-0 Rc8 13. c4 fxe4 14. Bxe4 Nd4 15. f4 Bg7 16. Qh5 b4 17. Nxb4 Qb6 18. Nd5 Bxd5 19. Bxd5 0-0 20. Kh1 Qxb2 21. f5 Bf6 22. Qh6 Bg7 23. Qg5 h6 24. Qg4 Kh8 25. f6 Bxf6 26. Rab1 Qxa3 27. Rxf6 Qe3 28. Qh5 1-0

[Event "IECG CP.2003.P.00006 email"]
[Site "IECG email"]
[Date "2003.10.01"]
[Round "?"]
[White "Sperlin, Maksim"]
[Black "Lahdenmaeki, Leo"]
[Result "1-0"]
[WhiteElo "2360"]
[BlackElo "1699"]
[PlyCount "73"]
[EventDate "2003.10.01"]
[EventType "tourn (corr)"]
[EventRounds "6"]
[EventCountry "POL"]
[SourceTitle "Corr 2008"]
[Source "ChessBase"]
[SourceDate "2008.06.24"]
[SourceVersion "1"]
[SourceVersionDate "2008.06.24"]
[SourceQuality "1"]

1. e4 e5 2. Nf3 Nc6 3. Bb5 a6 4. Ba4 Nf6 5. 0-0 Be7 6. Re1 b5 7. Bb3 d6 8. c3 0-0 9. h3 Nb8 10. d4 Nbd7 11. Nbd2 Bb7 12. Bc2 Re8 13. Nf1 Bf8 14. Ng3 g6 15. a4 c5 16. d5 c4 17. Bg5 Bg7 18. Qd2 Nc5 19. Ra3 Rb8 20. axb5 axb5 21. Rea1 Qc7 22. Bh6 Bh8 23. Qg5 Ra8 24. Qh4 Rxa3 25. Rxa3 Ra8 26. Rxa8+ Bxa8 27. Nf5 Nd3 28. Bg5 Nh5 29. Bd8 Qa7 30. Ne7+ Kf8 31. Nc8 Qa1+ 32. Kh2 f6 33. Bxd3 cxd3 34. Qg4 f5 35. Qg5 Kg8 36. Qe7 Bf6 37. Qe6+ 1-0